The Specific Relief Act (Act No. 1 to 1877)/ (Record no. 3852)
[ view plain ]
| 000 -LEADER | |
|---|---|
| fixed length control field | 00573nam a2200205Ia 4500 |
| 003 - CONTROL NUMBER IDENTIFIER | |
| control field | BUBTL |
| 008 - FIXED-LENGTH DATA ELEMENTS--GENERAL INFORMATION | |
| fixed length control field | 151213s9999 xx 000 0 und d |
| 082 ## - DEWEY DECIMAL CLASSIFICATION NUMBER | |
| Classification number | 347.5491077/ Z52s/ 2009 |
| 100 ## - MAIN ENTRY--PERSONAL NAME | |
| Personal name | Zerin, Syeda Afroza |
| 9 (RLIN) | 4572 |
| 245 ## - TITLE STATEMENT | |
| Title | The Specific Relief Act (Act No. 1 to 1877)/ |
| Statement of responsibility, etc. | Syeda Afroza Zerin |
| 250 ## - EDITION STATEMENT | |
| Edition statement | 2nd |
| 260 ## - PUBLICATION, DISTRIBUTION, ETC. (IMPRINT) | |
| Place of publication, distribution, etc. | Dhaka |
| Name of publisher, distributor, etc. | Hosne Ara |
| Date of publication, distribution, etc. | c2009 |
| 300 ## - PHYSICAL DESCRIPTION | |
| Extent | [17], 245p. : |
| Other physical details | 21cm. |
| 500 ## - GENERAL NOTE | |
| General note | Includes Index |
| 650 ## - SUBJECT ADDED ENTRY--TOPICAL TERM | |
| Topical term or geographic name as entry element | Law |
| 700 ## - ADDED ENTRY--PERSONAL NAME | |
| Personal name | Syeda Afroza Zerin |
| 9 (RLIN) | 4573 |
| 856 ## - ELECTRONIC LOCATION AND ACCESS | |
| Password | 0 |
| Logon | 0 |
| Link text | Download |
| 942 ## - ADDED ENTRY ELEMENTS (KOHA) | |
| Source of classification or shelving scheme | |
| Koha item type | Books |
| Withdrawn status | Lost status | Source of classification or shelving scheme | Damaged status | Not for loan | Collection code | Permanent location | Current location | Shelving location | Date acquired | Source of acquisition | Inventory number | Total Checkouts | Full call number | Barcode | Date last seen | Date last checked out | Copy number | Price effective from | Koha item type |
|---|---|---|---|---|---|---|---|---|---|---|---|---|---|---|---|---|---|---|---|
| Non-fiction | Bangladesh University of Business and Technology Library | Bangladesh University of Business and Technology Library | Law Stacks | 08/10/2010 | Purchase | 7648 | 2 | 347.5491077/ Z52s/ 2009 | BUBTL-20037648 | 06/05/2024 | 05/29/2024 | C-1 | 05/24/2022 | Books | |||||
| Not For Loan | Non-fiction | Bangladesh University of Business and Technology Library | Bangladesh University of Business and Technology Library | Law Stacks | 08/10/2010 | Purchase | 7250 | 347.5491077/ Z52s/ 2009 | BUBTL-20037250 | 05/24/2022 | C-2 | 05/24/2022 | Books | ||||||
| Non-fiction | Bangladesh University of Business and Technology Library | Bangladesh University of Business and Technology Library | Law Stacks | 08/10/2010 | Purchase | 7646 | 347.5491077/ Z52s/ 2009 | BUBTL-20037646 | 05/24/2022 | C-3 | 05/24/2022 | Books | |||||||
| Non-fiction | Bangladesh University of Business and Technology Library | Bangladesh University of Business and Technology Library | Law Stacks | 08/10/2010 | Purchase | 7651 | 347.5491077/ Z52s/ 2009 | BUBTL-20037651 | 05/24/2022 | C-4 | 05/24/2022 | Books | |||||||
| Non-fiction | Bangladesh University of Business and Technology Library | Bangladesh University of Business and Technology Library | Law Stacks | 08/10/2010 | Purchase | 7654 | 1 | 347.5491077/ Z52s/ 2009 | BUBTL-20037654 | 06/04/2024 | 05/30/2024 | C-5 | 05/24/2022 | Books | |||||
| Non-fiction | Bangladesh University of Business and Technology Library | Bangladesh University of Business and Technology Library | Law Stacks | 08/10/2010 | Purchase | 7655 | 1 | 347.5491077/ Z52s/ 2009 | BUBTL-20037655 | 02/08/2024 | 01/29/2024 | C-6 | 05/24/2022 | Books | |||||
| Non-fiction | Bangladesh University of Business and Technology Library | Bangladesh University of Business and Technology Library | Law Stacks | 08/10/2010 | Purchase | 7650 | 347.5491077/ Z52s/ 2009 | BUBTL-20037650 | 05/24/2022 | C-7 | 05/24/2022 | Books | |||||||
| Non-fiction | Bangladesh University of Business and Technology Library | Bangladesh University of Business and Technology Library | Law Stacks | 08/10/2010 | Purchase | 7647 | 1 | 347.5491077/ Z52s/ 2009 | BUBTL-20037647 | 03/03/2024 | 02/29/2024 | C-8 | 05/24/2022 | Books | |||||
| Non-fiction | Bangladesh University of Business and Technology Library | Bangladesh University of Business and Technology Library | Law Stacks | 08/10/2010 | Purchase | 7652 | 347.5491077/ Z52s/ 2009 | BUBTL-20037652 | 05/24/2022 | C-9 | 05/24/2022 | Books |
